00000000nam##2200000za#4500
0019.699125
003CaOODSP
00520241203113638
007cr |||||||||||
008150407|2000||||xxc|||||o    f|0| 0 eng|d
040 |aCaOODSP|beng
043 |an-cn---
0861 |aEn14-180/2000E-PDF
1101 |aCanada. |bEnvironment Canada.
24510|aFuture Canadian emission standards for vehicles and engines and standards for reformulation of petroleum-based fuels |h[electronic resource]
260 |aOttawa - Ontario : |bEnvironment Canada |c[2000].
300 |a21p.|breferences, tables
590 |a14-21-Supp|b2014-12-11
69007|aAtmospheric emissions|2gcpds
69007|aPetroleum|2gcpds
77508|tFutures normes Canadiennes visant les émissions des véhicules et des moteurs, ainsi que la reformulation des combustibles à base de pétrole : |w(CaOODSP)9.643203
85640|ahttp://publications.gc.ca|qPDF|s143 KB|uhttps://publications.gc.ca/collections/collection_2014/ec/En14-180-2000-eng.pdf